Landscape ecology : (Record no. 15186)

MARC details
000 -LEADER
fixed length control field 01278cam a22003254a 4500
001 - CONTROL NUMBER
control field 11778220
003 - CONTROL NUMBER IDENTIFIER
control field OSt
005 - DATE AND TIME OF LATEST TRANSACTION
control field 20211027093908.0
008 - FIXED-LENGTH DATA ELEMENTS--GENERAL INFORMATION
fixed length control field 990802s2000 fluab b 001 0 eng
010 ## - LIBRARY OF CONGRESS CONTROL NUMBER
LC control number 99040288
020 ## - INTERNATIONAL STANDARD BOOK NUMBER
International Standard Book Number 1566703689 (alk. paper)
035 ## - SYSTEM CONTROL NUMBER
System control number (DLC) 99040288
040 ## - CATALOGING SOURCE
Original cataloging agency DLC
Transcribing agency HU
Modifying agency DLC
042 ## - AUTHENTICATION CODE
Authentication code pcc
050 00 - LIBRARY OF CONGRESS CALL NUMBER
Classification number QH541.15.L35
Item number L335 2000
082 00 - DEWEY DECIMAL CLASSIFICATION NUMBER
Classification number 577
Edition number 21
245 00 - TITLE STATEMENT
Title Landscape ecology :
Remainder of title a top-down approach /
Statement of responsibility, etc. edited by James Sanderson, Larry D. Harris.
260 ## - PUBLICATION, DISTRIBUTION, ETC.
Place of publication, distribution, etc. Boca Raton, Fla. :
Name of publisher, distributor, etc. Lewis Publishers,
Date of publication, distribution, etc. c2000.
300 ## - PHYSICAL DESCRIPTION
Extent 246 p. :
Other physical details ill., maps ;
Dimensions 24 cm.
490 1# - SERIES STATEMENT
Series statement Landscape ecology series
504 ## - BIBLIOGRAPHY, ETC. NOTE
Bibliography, etc. note Includes bibliographical references (p. 213-235).
650 #0 - SUBJECT ADDED ENTRY--TOPICAL TERM
Topical term or geographic name entry element Landscape ecology.
9 (RLIN) 5601
700 1# - ADDED ENTRY--PERSONAL NAME
Personal name Sanderson, James.
9 (RLIN) 15758
700 1# - ADDED ENTRY--PERSONAL NAME
Personal name Harris, Larry D.
9 (RLIN) 15759
830 #0 - SERIES ADDED ENTRY--UNIFORM TITLE
Uniform title Landscape ecology series (Boca Raton, Fla.)
9 (RLIN) 15760
856 42 - ELECTRONIC LOCATION AND ACCESS
Materials specified Publisher description
Uniform Resource Identifier <a href="http://www.loc.gov/catdir/enhancements/fy0646/99040288-d.html">http://www.loc.gov/catdir/enhancements/fy0646/99040288-d.html</a>
906 ## - LOCAL DATA ELEMENT F, LDF (RLIN)
a 7
b cbc
c orignew
d 1
e ocip
f 19
g y-gencatlg
942 ## - ADDED ENTRY ELEMENTS (KOHA)
Source of classification or shelving scheme Dewey Decimal Classification
Koha item type Books like text book referance book
Suppress in OPAC No
Holdings
Withdrawn status Lost status Source of classification or shelving scheme Damaged status Not for loan Collection code Home library Current library Shelving location Date acquired Total Checkouts Full call number Barcode Date last seen Copy number Price effective from Koha item type
    Dewey Decimal Classification     Reference Wondo Genet Library Wondo Genet Library General Stacks 10/27/2021   577 LAN 2000 WGCFNRL00005729 10/27/2021 1 10/27/2021 Books like text book referance book